| 000 | 00442ata a2200181 4500 | ||
|---|---|---|---|
| 005 | 20161122101827.0 | ||
| 008 | 150526b xxu||||| |||| 00| 0 spa d | ||
| 041 | _aspa | ||
| 082 | _a337 E21p | ||
| 100 |
_aEdelman Spero, Joan _933340 |
||
| 245 | _aPolítica económica internacional | ||
| 260 | _aArgentina | ||
| 260 | _bEl Ateneo | ||
| 260 | _c1988 | ||
| 300 | _a361 páginas | ||
| 650 |
_aECONOMÍA INTERNACIONAL _923005 |
||
| 942 | _cBK | ||
| 999 |
_c6002 _d6002 |
||